Gaming Quiz

Random Gaming or Book Quiz

Books of Yugioh! Quiz Stats

 Plays Quiz not verified by Sporcle

Challenge
Share
Tweet
Embed
Score 0/19 Timer 04:00
0 Plays Today
Book % Correct
Book of Moon
100%
Book of Taiyou
84.6%
Book of Life
80.8%
Spellbook of Knowledge
80%
Book of Eclipse
69.2%
Spellbook of Life
65.4%
Book of Secret Arts
53.8%
Spellbook of Power
50%
Spellbook of Secrets
50%
Hidden Spellbook
46.2%
Book % Correct
Spellbook of Judgment
46.2%
Spellbook of Fate
42.3%
Spellbook of Wisdom
38.5%
Spellbook of Eternity
34.6%
The Book of the Law
28.6%
Spellbook of the Master
26.9%
Solomon's Lawbook
23.1%
Spellbook of Miracles
23.1%
Seer's Passbook
0%

You're not logged in!

Compare scores with friends on all Sporcle quizzes.
OR
Log In

You Might Also Like...

Show Comments

Extras

Top Quizzes Today


Score Distribution

Your Account Isn't Verified!

In order to create a playlist on Sporcle, you need to verify the email address you used during registration. Go to your Sporcle Settings to finish the process.

Report this User

Report this user for behavior that violates our Community Guidelines.

Details: